00897nam a2200229 a 450000100100000000500170001000800410002704000250006808200200009310000380011324500820015126000750023330000270030849000190033565000340035465000370038870000370042583000260046291000410048895201230052999900150065200000485820200929151524.0780222s1977 pr a 001 p spa  aDO-SdBNPbspacBNPHU aPR861.44bA776c1 aArrillaga, María,d1940-91408410aCascada de sol /cMaría Arrillaga ; trabajos de arte de Marianne Santaella. aSan Juan, Puerto Rico :bInstituto de Cultura Puertorriqueña,c1977. a92 p. :bil. ;c18 cm.1 aLiteratura hoy 4aPoesía puertorriquena91015 4aLiteratura puertorriqueña925012aSantaella, Marianne,eil.914085 0aLiteratura hoy914086 aValidado. Control de calidad MMOLINA 001054708MOaGRbGRcHDd2009-07-27iLF1l0oPR861.44 A776cp4858-10r2020-06-25w2020-06-25y4ZPréstamo en sala c4664d4664